Loading...
| Science - Biology | 0 | 3 | 0 | 0 | 30 | 25 | 48.33 | 1 | 1 | 0.00 | 0.00 |
| Geography | 0 | 2 | 0 | 1 | 20 | 78 | 91.50 | 0 | 0 | 0.00 | 0.00 |
| Science - Physics | 0 | 2 | 0 | 2 | 20 | 101 | 106.50 | 0 | 0 | 0.00 | 0.00 |
| History - Other | 0 | 2 | 0 | 2 | 20 | 113 | 113.00 | 0 | 0 | 0.00 | 0.00 |
| Pop Culture | 0 | 2 | 0 | 0 | 20 | 55 | 69.50 | 0 | 0 | 0.00 | 0.00 |
| Literature - British | 0 | 2 | 0 | 0 | 20 | 33 | 37.50 | 1 | 2 | 0.00 | 0.00 |
| Mythology | 0 | 1 | 0 | 0 | 10 | 72 | 72.00 | 0 | 1 | 0.00 | 0.00 |
| History - American | 0 | 1 | 0 | 1 | 10 | 97 | 97.00 | 0 | 0 | 0.00 | 0.00 |
| History - European | 0 | 1 | 0 | 0 | 10 | 24 | 24.00 | 1 | 1 | 0.00 | 0.00 |
| Literature - World | 0 | 1 | 0 | 0 | 10 | 94 | 94.00 | 0 | 1 | 0.00 | 0.00 |
| Painting/Sculpture | 0 | 1 | 0 | 0 | 10 | 63 | 63.00 | 0 | 0 | 0.00 | 0.00 |
| Science - Other | 0 | 1 | 0 | 0 | 10 | 105 | 105.00 | 0 | 0 | 0.00 | 0.00 |
| Science - Chemistry | 0 | 1 | 1 | 0 | 5 | 75 | 75.00 | 0 | 0 | 0.00 | 0.00 |
| Religion | 0 | 0 | 0 | 0 | 0 | 0.00 | 0 | 0 | 0.00 | 0.00 | |
| Fine Arts - Other | 0 | 0 | 2 | 0 | -10 | 0.00 | 0 | 0 | 0.00 | 0.00 |